| 000 | 02639nam a2200361 u 4500 | ||
|---|---|---|---|
| 001 | 1258101 | ||
| 005 | 20260508071738.0 | ||
| 008 | 110929s2010 spa | ||
| 020 | _a9786070301421 | ||
| 035 | _a1258101 | ||
| 035 | _a(OCoLC)777075046 | ||
| 040 | _ccomduadb | ||
| 041 | _aspa | ||
| 080 | _aB/ | ||
| 080 | _aJJ | ||
| 082 | 4 | _a121 | |
| 100 | 1 | 0 |
_aFoucault, Michel, _d1926-1984 _4aut _0(isni)000000012146278X _0(viaf)104722665 _eaut _9512102 |
| 245 | 1 | 3 | _aLa arqueología del saber |
| 250 | _a2 edición revisada | ||
| 260 |
_aMéxico : _bSiglo XXI Editores, _c2010. |
||
| 300 | _a273 páginas | ||
| 490 | 0 | _aSerie Teoría | |
| 520 | 3 | _aLa arqueologia del saber constituye un clasico ejercicio foucoultiano de pensar a contracorriente, de poner una barrera a los lugares comunes de las ciencias sociales y de establecer nuevos campos de investigacion en el cruce entre filosofia e historia. El gran tema que plantea es la discontinuidad en la historia, es decir, la transformacion, el establecimiento de fenomenos de rupturas: Por debajo de las grandes continuidades del pensamiento, por debajo de las manifestaciones masivas y homogeneas de un espiritu o de una mentalidad colectiva, por debajo del terco devenir de una ciencia que se encarniza en existir y en rematarse desde su comienzo, por debajo de la persistencia de un genero, de una forma, de una disciplina, de una actividad teorica, se trata ahora de detectar la incidencia de las interrupciones. Escrito siguiendo el legado de Marx y Nietsche, La arqueologia del saber es un texto polemico y a la vez riguroso, que ensaya la busqueda de herramientas teoricas para pensar una historiografia que priorice los instantes de quiebre, de mutacion, por sobre las continuidades, los grandes panoramas y las verdades ahistoricas. Michel Foucault pone el ojo en esos momentos en que aparece lo nuevo, el cambio radical. Y en ese sentido, este es un libro profundamente pedagogico: dirigido a historiadores, filosofos y cientificos sociales, encierra una ensenanaza epistemologica acerca de como distinguir y describir las rupturas, los elementos emergentes que subyacen en toda formacion social. | |
| 650 | 7 |
_aTeoría del conocimiento _2lemb _91790 |
|
| 650 | 7 |
_aArqueología _2armarc _942020 |
|
| 650 | 7 |
_aFilosofía de la ciencia _2armarc _91526 |
|
| 650 | 7 |
_aAnálisis del discurso _2lemb _943754 |
|
| 650 | 7 |
_aPsicolingüística _2lemb _931208 |
|
| 650 | 7 |
_aCognición _2lemb _98995 |
|
| 650 | 7 |
_aCiencia _xHistoria _2lemb _991485 |
|
| 700 | 1 | 0 |
_aGarzón del Camino, Aurelio _4trl _0(isni)0000 0000 0065 2907 _0(viaf)76384753 _etrl _9393228 |
| 942 | _cBOOK | ||
| 999 |
_c596602 _d596602 |
||